000
00290nam a22001337a 4500
008
170803b xxu||||| |||| 00| 0 eng d
020
_a
3110122278
041
_a
ger
080
_a
004
100
_a
32
101
_a
SHK
245
_a
SOFTWARE- ZUVERLASSIGKEIT
_c
BECKER,G
942
_2
udc
_c
BK
999
_c
22602
_d
22602